Normale Ansicht MARC-Ansicht ISBD

Oberfjurer SA Villi Redel' : (Titelsatznr. 33170)

[ MARC ]
MARC-Details
000 -Satzkennung
Kontrollfeld mit fester Länge 00697nam a22002411c 4500
001 - Kontrollnummer
Kontrollfeld a987675141
008 - Feld mit fester Länge zur physischen Beschreibung - Allgemeine Angaben
Kontrollfeld mit fester Länge 151210s2012 gw |||| 000u rus d
020 ## - Internationale Standardbuchnummer
Internationale Standardbuchnummer 9785722802200
Verknüpfung 978-5-7228-0220-0
041 ## - Sprachcode
Sprachcode des Textes/der Tonspur oder des separaten Titels rus
040 ## - Katalogisierungsquelle
Übertragungsstelle RU-10907106
003 - Kontrollnummer Identifier
Kontrollfeld RU-10907106
245 00 - Titel
Titel Oberfjurer SA Villi Redel' :
Zusatz zum Titel dokumenty iz archivov FSB Rossii
264 ## - Produktion, Veröffentlichung, Distribution, Herstellung und Urheberrechtsvermerk
Herstellungs-, Veröffentlichungs- Vertriebs-, Erzeugungsort Moskva :
Produzent, Herausgeber, Distributor, Hersteller Izd. Glavnogo archivnogo upravlenija goroda Moskvy,
Datum der Herstellung, der Veröffentlichung, des Vertriebs oder des Urheberschutzvermerks 2012
300 ## - Physische Beschreibung
Umfang 120 S.
600 #0 - Nebeneintragung unter einem Schlagwort - Personenname
Personenname Roedel, Willy
650 #0 - Nebeneintragung unter einem Schlagwort - Sachschlagwort
Sachschlagwort oder geografischer Name als Eintragungselement Geheimdienst
650 #0 - Nebeneintragung unter einem Schlagwort - Sachschlagwort
Sachschlagwort oder geografischer Name als Eintragungselement
651 #0 - Nebeneintragung unter einem Schlagwort - Geografischer Name
Geografischer Name Russland
651 #0 - Nebeneintragung unter einem Schlagwort - Geografischer Name
Geografischer Name Deutschland
700 1# - Nebeneintragung - Personenname
Personenname Christoforov, Vasilij Stepanovič
Funktionsbezeichnung HerausgeberIn
700 1# - Nebeneintragung - Personenname
Personenname Makarov, V. G.
Funktionsbezeichnung HerausgeberIn
942 ## - Zusätzliche Felder (Koha)
Koha-Medientyp Monographien
Exemplare
Ausgeschieden Verloren Klassifikation oder Aufstellungssystematik Beschädigt Nicht entleihbar Heimatbibliothek Aufenthaltsbibliothek Aufstellungsort Erwerbungsdatum Inventarnummer Signatur Barcode Letzte Aktivität Preis gültig von Koha-Medientyp
    Andere/Generische Klassifikation     MWN Osteuropa MWN Osteuropa Lesesaal - 1 10/12/2015 15-01796 D 52 rd Chri 3 E00401506CBDFD3D 23/02/2021 22/03/2021 Monographien